Encounter with Spurgeon. (Record no. 11550)

000 -LEADER
fixed length control field 00697nam a2200205 a 4500
001 - CONTROL NUMBER
control field :::00009349$&:&@@
003 - CONTROL NUMBER IDENTIFIER
control field OkBaRHE
005 - DATE AND TIME OF LATEST TRANSACTION
control field 20000607103350.0
008 - FIXED-LENGTH DATA ELEMENTS--GENERAL INFORMATION
fixed length control field s1963 j 000 0 eng u
040 ## - CATALOGING SOURCE
Transcribing agency
100 1# - MAIN ENTRY--PERSONAL NAME
Personal name Spurgeon, Charles Haddon, 1834-1892.
245 10 - TITLE STATEMENT
Title Encounter with Spurgeon.
260 ## - PUBLICATION, DISTRIBUTION, ETC. (IMPRINT)
Place of publication, distribution, etc Philadelphia, PA., :
Name of publisher, distributor, etc Fortress Press
Date of publication, distribution, etc 1963
300 ## - PHYSICAL DESCRIPTION
Extent 283 p. ;
Dimensions 22 cm.
650 ## - SUBJECT ADDED ENTRY--TOPICAL TERM
Topical term or geographic name as entry element Preaching
700 ## - ADDED ENTRY--PERSONAL NAME
Personal name Thielicke, Helmut, 1908-
942 ## - ADDED ENTRY ELEMENTS (KOHA)
Source of classification or shelving scheme
Koha item type Books
Copies
Full call number Date acquired Permanent Location Not for loan Koha item type Date last seen Copy number Source of classification or shelving scheme Damaged status Withdrawn status Barcode Price effective from Shelving location Lost status
BV 4211 .S69432010-04-14RHEMA Bible Training College Books2010-04-141   93492010-04-14General Stacks 
BV 4211 .S69432010-04-14RHEMA Bible Training College Books2010-04-142   201792010-04-14General Stacks